Pays par frontières par richesse - Statistiques

Statistiques générales
  • Ce quiz a été pris 73 fois
  • Le résultat moyen est 124 sur 156
Réponses sur la Carte
Les réponses sont colorées sur une échelle allant du rouge au vert en fonction du pourcentage des utilisateurs qui les ont devinées à leur premier essai. Vous pouvez retrouver ces pourcentages ci-dessous.
 
Statistiques - réponses
Pays Revenu par habitant % Correct
Brésil 23 238 $
100%
Espagne 56 555 $
100%
France 65 626 $
100%
Italie 63 076 $
100%
Suriname 22 439 $
100%
Afghanistan 2 164 $
98%
Biélorussie 34 313 $
98%
Chine 28 978 $
98%
Corée du Nord 1 588 $
98%
Kazakhstan 44 446 $
98%
Lettonie 44 563 $
98%
Maroc 11 266 $
98%
Mauritanie 8 654 $
98%
Mongolie 20 448 $
98%
Pakistan 6 951 $
98%
Russie 49 383 $
98%
Ukraine 20 999 $
98%
Allemagne 72 599 $
97%
Azerbaïdjan 26 235 $
97%
Bulgarie 41 901 $
97%
Canada 65 707 $
97%
États-Unis 89 105 $
97%
Géorgie 30 749 $
97%
Inde 12 132 $
97%
Irak 15 178 $
97%
Iran 19 957 $
97%
Libye 17 758 $
97%
Mali 2 934 $
97%
Mexique 25 463 $
97%
Myanmar 5 924 $
97%
Népal 5 715 $
97%
Niger 2 096 $
97%
Oman 42 015 $
97%
Tunisie 14 779 $
97%
Yémen 1 675 $
97%
Algérie 18 525 $
95%
Arabie Saoudite 61 923 $
95%
Bolivie 11 574 $
95%
Finlande 66 496 $
95%
Hongrie 48 600 $
95%
Pérou 18 689 $
95%
Pologne 55 186 $
95%
Portugal 50 037 $
95%
Royaume-Uni 63 661 $
95%
Serbie 33 114 $
95%
Soudan 2 336 $
95%
Suède 74 902 $
95%
Turquie 42 451 $
95%
Colombie 22 421 $
93%
Laos 10 125 $
93%
Moldavie 19 678 $
93%
Norvège 107 892 $
93%
Paraguay 19 571 $
93%
République centrafricaine 1 330 $
93%
Soudan du Sud 716 $
93%
Venezuela 8 397 $
93%
Cameroun 5 760 $
92%
Jordanie 11 508 $
92%
République démocratique du Congo 1 884 $
92%
Vietnam 17 484 $
92%
Argentine 31 379 $
90%
Burundi 1 015 $
90%
Egypte 21 668 $
90%
Mozambique 1 729 $
90%
Syrie 6 375 $
90%
Tadjikistan 6 048 $
90%
Afrique du Sud 15 989 $
89%
Autriche 74 372 $
89%
Belgique 75 846 $
89%
Eswatini 13 734 $
89%
Kirghizistan 8 781 $
89%
Lesotho 3 384 $
89%
Namibie 12 373 $
89%
République tchèque 59 368 $
89%
Roumanie 49 213 $
89%
Suisse 97 581 $
89%
Tchad 2 988 $
89%
Zimbabwe 5 407 $
89%
République du Congo 6 593 $
87%
Albanie 23 405 $
85%
Bosnie-Herzégovine 22 831 $
85%
Indonésie 17 612 $
85%
Chili 35 146 $
84%
Croatie 51 442 $
84%
Grèce 45 048 $
84%
Macédoine du Nord 29 475 $
84%
Papouasie-Nouvelle-Guinée 3 757 $
84%
Burkina Faso 2 978 $
82%
Danemark 88 934 $
82%
Équateur 16 578 $
82%
Pays-Bas 84 566 $
82%
Bhoutan 17 735 $
80%
Irlande 134 000 $
80%
Slovaquie 47 425 $
80%
Togo 3 473 $
80%
Costa Rica 31 463 $
79%
Monténégro 33 620 $
79%
Slovénie 57 985 $
79%
Thaïlande 26 323 $
79%
Timor oriental 4 916 $
79%
Guinée 4 749 $
77%
Honduras 7 927 $
77%
Somalie 1 916 $
77%
Érythrée 1 821 $
75%
Ouzbékistan 12 462 $
75%
Guinée-Bissau 3 279 $
74%
Panama 43 839 $
74%
Uruguay 37 060 $
74%
Bénin 4 788 $
72%
Gambie 3 688 $
72%
Cambodge 8 646 $
70%
Côte d'Ivoire 8 111 $
70%
Ethiopie 4 398 $
70%
Guatemala 15 634 $
70%
Ouganda 3 896 $
70%
Sénégal 5 499 $
70%
Tanzanie 4 371 $
70%
Émirats arabes unis 81 676 $
69%
Nicaragua 9 107 $
69%
Bangladesh 10 265 $
67%
Malaisie 43 473 $
67%
Nigeria 6 792 $
67%
Zambie 4 522 $
67%
Angola 10 234 $
66%
Ghana 8 417 $
66%
Salvador 13 746 $
66%
Libéria 2 006 $
64%
Turkménistan 27 873 $
64%
Guyana 94 258 $
62%
Kenya 7 534 $
62%
Sierra Leone 3 550 $
62%
Estonie 49 671 $
61%
Lituanie 57 196 $
61%
Kosovo 20 383 $
59%
Malawi 1 778 $
57%
Arménie 25 060 $
56%
Haïti 3 042 $
56%
Rwanda 4 104 $
56%
Belize 15 982 $
54%
République dominicaine 30 874 $
54%
Botswana 19 166 $
51%
Corée du Sud 65 112 $
51%
Qatar 121 605 $
51%
Sri Lanka 14 972 $
51%
Israël 56 436 $
49%
Liban 11 798 $
49%
Guinée équatoriale 20 165 $
48%
Gabon 24 908 $
46%
Koweit 50 961 $
41%
Luxembourg 152 915 $
36%
Monaco 203 404 $
30%
Djibouti 9 415 $
28%
Andorre 72 059 $
23%
Liechtenstein 133 735 $
21%
Saint-Marin 83 031 $
13%
Brunei 95 758 $
10%
Aucun quiz correspondant
Distribution des résultats
% des personnes avec chaque résultat
Percentile par nombre de réponses
Votre historique - résultats
Vous n’avez pas pris ce quiz